ঢ়
ক্ষ
ড়
ঢ়
য়
র-ফলা‌‌‌
 
 
য-ফলা
ি
 
 
রেফ
 
 
 
যুক্ত করুন/হসন্ত
Space
Enter

Land laws in Bangladesh : (Record no. 1030)

000 -LEADER
fixed length control field 00695nam a22002177a 4500
001 - CONTROL NUMBER
control field 15698
003 - CONTROL NUMBER IDENTIFIER
control field BD-DhUAP
005 - DATE AND TIME OF LATEST TRANSACTION
control field 20200202105118.0
008 - FIXED-LENGTH DATA ELEMENTS--GENERAL INFORMATION
fixed length control field 200202s2009 bg ||||| |||| 00| 0 eng d
020 ## - INTERNATIONAL STANDARD BOOK NUMBER
International Standard Book Number 9848470174
040 ## - CATALOGING SOURCE
Original cataloging agency BD-DhUAP
Language of cataloging Eng
Transcribing agency BD-DhUAP
Modifying agency BD-DhUAP
082 ## - DEWEY DECIMAL CLASSIFICATION NUMBER
Edition number 23
Classification number 346.54920432 KHA
100 ## - MAIN ENTRY--PERSONAL NAME
Personal name Khan, Md. Ansar Ali.
245 ## - TITLE STATEMENT
Title Land laws in Bangladesh :
Remainder of title with up to-date amendment & latest decisions /
Statement of responsibility, etc. by Md. Ansar Ali Khan.
250 ## - EDITION STATEMENT
Edition statement 2nd ed.
260 ## - PUBLICATION, DISTRIBUTION, ETC.
Place of publication, distribution, etc. Dhaka :
Name of publisher, distributor, etc. Bangladesh law book com.,
Date of publication, distribution, etc. c2009.
300 ## - PHYSICAL DESCRIPTION
Extent xv, 703 pages ;
Dimensions 23 cm.
650 ## - SUBJECT ADDED ENTRY--TOPICAL TERM
Topical term or geographic name entry element Land tenure
Form subdivision Law and legislation
Geographic subdivision Bangladesh.
650 ## - SUBJECT ADDED ENTRY--TOPICAL TERM
Topical term or geographic name entry element Real property
Geographic subdivision Bangladesh.
942 ## - ADDED ENTRY ELEMENTS (KOHA)
Source of classification or shelving scheme
Koha item type Book
Holdings
Withdrawn status Lost status Source of classification or shelving scheme Damaged status Not for loan Permanent Location Current Location Shelving location Date acquired Total Checkouts Total Renewals Full call number Barcode Date last seen Date last checked out Copy number Price effective from Koha item type
          UAP Central Library UAP Central Library General Stacks 2020-02-02 2 2 346.54920432 KHA 3010015698 2026-02-05 2026-01-26 1 2020-02-02 Book

All rights reserved © UAP Central Library,
University of Asia Pacific.